| 000 -LEADER |
| fixed length control field |
01214 am a2200421ua 4500 |
| 001 - CONTROL NUMBER |
| control field |
011932411 |
| 003 - CONTROL NUMBER IDENTIFIER |
| control field |
OSt |
| 005 - DATE AND TIME OF LATEST TRANSACTION |
| control field |
20230913113424.0 |
| 008 - FIXED-LENGTH DATA ELEMENTS--GENERAL INFORMATION |
| fixed length control field |
030414s2002 enk || 000 ||eng |
| 015 ## - NATIONAL BIBLIOGRAPHY NUMBER |
| National bibliography number |
GBA320513 |
| Source |
bnb |
| 020 ## - INTERNATIONAL STANDARD BOOK NUMBER |
| International Standard Book Number |
0140448144 |
| 020 ## - INTERNATIONAL STANDARD BOOK NUMBER |
| International Standard Book Number |
9780140448146 |
| 035 ## - SYSTEM CONTROL NUMBER |
| System control number |
(UkCU)C3093323 |
| 039 0# - LEVEL OF BIBLIOGRAPHIC CONTROL AND CODING DETAIL [OBSOLETE] |
| Level of rules in bibliographic description |
2738 |
| 040 ## - CATALOGING SOURCE |
| Original cataloging agency |
UkCU |
| Modifying agency |
Uk |
| Transcribing agency |
KH8 |
| 041 1# - LANGUAGE CODE |
| Language code of text/sound track or separate title |
eng |
| Language code of original |
grc |
| 082 04 - DEWEY DECIMAL CLASSIFICATION NUMBER |
| Classification number |
882.01 ARI |
| 100 0# - MAIN ENTRY--PERSONAL NAME |
| Personal name |
Aristophanes, |
| Relator term |
author. |
| 240 10 - UNIFORM TITLE |
| Uniform title |
Works. |
| Form subheading |
Selections. |
| Language of a work |
English |
| 245 10 - TITLE STATEMENT |
| Title |
Lysistrata and other plays / |
| Statement of responsibility, etc. |
Aristophanes ; translated with an introduction and notes by Alan H. Sommerstein. |
| 250 ## - EDITION STATEMENT |
| Edition statement |
Rev. ed. |
| 260 ## - PUBLICATION, DISTRIBUTION, ETC. |
| Place of publication, distribution, etc. |
London : |
| Name of publisher, distributor, etc. |
Penguin, |
| Date of publication, distribution, etc. |
2002. |
| 300 ## - PHYSICAL DESCRIPTION |
| Extent |
liii, 241 p. ; |
| Dimensions |
20 cm. |
| 336 ## - CONTENT TYPE |
| Content type term |
text |
| Source |
rdacontent |
| 337 ## - MEDIA TYPE |
| Media type term |
unmediated |
| Source |
rdamedia |
| 338 ## - CARRIER TYPE |
| Carrier type term |
volume |
| Source |
rdacarrier |
| 490 1# - SERIES STATEMENT |
| Series statement |
Penguin classics |
| 500 ## - GENERAL NOTE |
| General note |
Previous ed.: 1973. |
| 504 ## - BIBLIOGRAPHY, ETC. NOTE |
| Bibliography, etc. note |
Includes bibliographical references. |
| 546 ## - LANGUAGE NOTE |
| Language note |
Translated from the Greek. |
| 600 04 - SUBJECT ADDED ENTRY--PERSONAL NAME |
| Personal name |
Aristophanes |
| Form subdivision |
Translations into English. |
| 700 1# - ADDED ENTRY--PERSONAL NAME |
| Personal name |
Sommerstein, Alan H. |
| 740 0# - ADDED ENTRY--UNCONTROLLED RELATED/ANALYTICAL TITLE |
| Uncontrolled related/analytical title |
Acharnians. |
| 740 0# - ADDED ENTRY--UNCONTROLLED RELATED/ANALYTICAL TITLE |
| Uncontrolled related/analytical title |
Clouds. |
| 740 0# - ADDED ENTRY--UNCONTROLLED RELATED/ANALYTICAL TITLE |
| Uncontrolled related/analytical title |
Lysistrata. |
| 830 #0 - SERIES ADDED ENTRY--UNIFORM TITLE |
| Uniform title |
Penguin classics. |
| 942 ## - ADDED ENTRY ELEMENTS (KOHA) |
| Source of classification or shelving scheme |
|
| Koha item type |
Teaching Resources |